Rigid local systems

Αποθηκεύτηκε σε:
Λεπτομέρειες βιβλιογραφικής εγγραφής
Κύριος συγγραφέας: Katz, Nicholas M. 1943-
Μορφή: Βιβλίο
Γλώσσα:English
Δημοσίευση: Princeton : Princeton University Press, 1996
Σειρά:Annals of mathematics studies ; ; 139
Θέματα:
Ετικέτες: Προσθήκη ετικέτας
Δεν υπάρχουν, Καταχωρήστε ετικέτα πρώτοι!

MARC

LEADER 00000nam a2200000 i 4500
001 1/69572
008 080109s1996 eng d
020 |a 0-691-01118-4 
035 |l 10093450 
040 |a GR-MY-UA  |b gre  |e aacr 
041 0 |a eng 
082 0 |a 515.35  |2 (22) 
100 1 |a Katz, Nicholas M.  |d 1943- 
245 1 0 |a Rigid local systems /  |c by Nicholas M.Katz 
260 |a Princeton :   |b Princeton University Press,   |c 1996 
300 |a vii, 223 σ.;  |c 25 εκ. 
490 1 |a Annals of mathematics studies  |v ; 139 
504 |a Περιέχει βιβλιογραφικές παραπομπές. 
650 0 0 |a Differential equations  |x Numerical solutions. 
650 0 0 |a Hypergeometric functions. 
650 0 0 |a Sheaf theory. 
830 0 |a Annals of mathematics studies ;  |v ; 139 
852 |a INST  |b SAMOS  |e 20080109  |h 515.35 KAT  |p 005300027526  |q 005300027526  |t BK  |y 0 
901 |a BIBL3-2008-1 
909 |a Σ  |b 140354 
922 |a 3ΕΛΗ  |b 200711  |c ΕΠΕΑΕΚ2/ΤΜΗΜΑ ΜΑΘΗΜΑΤΙΚΩΝ  |d ΕΛΕΥΘΕΡΟΥΔΑΚΗΣ 
970 |a ΣΙΤΖΙΜΗ  |b ΓΙΑΣΕΜΗ  |z 2008/01/09